Top 50 Baby Boy Names Beginning with P - Statistics

General Stats
  • This quiz has been taken 933 times
  • The average score is 17 of 50
Answer Stats
Hint Answer % Correct
6 Paul
94%
37 Pete
94%
3 Peter
91%
14 Philip
79%
16 Phillip
79%
2 Patrick
77%
1 Parker
64%
18 Payton
58%
13 Peyton
58%
4 Preston
58%
32 Pax
57%
10 Pedro
56%
9 Pablo
55%
7 Paxton
49%
8 Prince
49%
34 Prynce
49%
26 Paulo
47%
39 Paolo
46%
22 Perry
45%
12 Porter
40%
30 Percy
36%
25 Presley
36%
15 Pierce
31%
28 Penn
25%
17 Pierre
25%
11 Princeton
25%
31 Paris
24%
20 Palmer
23%
5 Phoenix
23%
44 Phoenyx
23%
40 Percival
22%
43 Pearson
17%
19 Pierson
17%
38 Price
17%
29 Pryce
17%
23 Phineas
16%
35 Patton
13%
33 Patricio
10%
36 Payson
9%
45 Parks
7%
49 Paxon
7%
47 Peace
7%
21 Pharaoh
7%
50 Pharoah
7%
48 Priest
6%
46 Psalm
5%
24 Perseus
3%
42 Pascual
1%
27 Pranav
1%
41 Pinchas
0%
No matching quizzes found
Score Distribution
Percent of People with Each Score
Percentile by Number Answered
Your Score History
You have not taken this quiz